Microeconomics. (9th ed.) (Record no. 82916)
[ view plain ]
| 000 -LEADER | |
|---|---|
| fixed length control field | 00728nam a2200169 a 4500 |
| 008 - FIXED-LENGTH DATA ELEMENTS--GENERAL INFORMATION | |
| fixed length control field | 130408s2010 ||||||||||||||||| || u |
| 020 ## - INTERNATIONAL STANDARD BOOK NUMBER | |
| International Standard Book Number | 9780324785753 |
| 050 ## - LIBRARY OF CONGRESS CALL NUMBER | |
| Classification number | HB 172 Arn |
| 100 ## - MAIN ENTRY--PERSONAL NAME | |
| Personal name | Arnold, Roger A |
| 245 10 - TITLE STATEMENT | |
| Title | Microeconomics. (9th ed.) |
| Statement of responsibility, etc. | by Roger A. Arnold |
| 250 ## - EDITION STATEMENT | |
| Edition statement | 9th ed. |
| 260 ## - PUBLICATION, DISTRIBUTION, ETC. | |
| Place of publication, distribution, etc. | Asia: |
| Name of publisher, distributor, etc. | South-Western Cengage Learning |
| Date of publication, distribution, etc. | 2010 |
| 300 ## - PHYSICAL DESCRIPTION | |
| Extent | xxiv, 551p.: ill. |
| 650 ## - SUBJECT ADDED ENTRY--TOPICAL TERM | |
| Topical term or geographic name entry element | MICROECONOMICS |
| 995 ## - | |
| -- | MAIN LIBRARY OPEN ACCESS |
| -- | 743653 |
| -- | CBU-MAIN LIBRARY (Kitwe) |
| -- | HB 172 Arn |
| -- | 2 |
| -- | AVAILABLE |
| -- | May 22, 2013 |
| -- | 743653 |
| -- | Main Library Open Access Collection |
| 995 ## - | |
| -- | MAIN LIBRARY OPEN ACCESS |
| -- | 743652 |
| -- | CBU-MAIN LIBRARY (Kitwe) |
| -- | HB 172 Arn |
| -- | 1 |
| -- | AVAILABLE |
| -- | May 22, 2013 |
| -- | 743652 |
| -- | Main Library Open Access Collection |
| 999 ## - | |
| -- | 82916 |
| -- | 82916 |
| Withdrawn status | Lost status | Source of classification or shelving scheme | Damaged status | Not for loan | Permanent Location | Current Location | Shelving location | Date acquired | Total Checkouts | Full call number | Barcode | Date last seen | Date last checked out | Copy number | Price effective from | Koha item type |
|---|---|---|---|---|---|---|---|---|---|---|---|---|---|---|---|---|
| CBU-MAIN LIBRARY, KITWE. | CBU-MAIN LIBRARY, KITWE. | 09/29/2023 | 2 | HB 172 Arn | 743653 | 05/20/2024 | 05/09/2024 | 1 | 09/29/2023 | MONOGRAPH | ||||||
| CBU-MAIN LIBRARY, KITWE. | CBU-MAIN LIBRARY, KITWE. | 09/29/2023 | 6 | HB 172 Arn | 743652 | 07/25/2025 | 07/10/2025 | 2 | 09/29/2023 | MONOGRAPH |